Pôda, poloha a voľba podpníka pre zákrsky

Bibliographic Details
Main Author: Jablonský, Anton, 1903-1970 (Author)
Format: Article
Language:Slovak

MARC

LEADER 00000nab a2200000uu 4500
001 vtls010912640
003 SK-MaSNL
005 20260303150449.0
008 230222|1940 xo |||||||||||||||||slo|
015 |a SNBRB 
035 |a (urnnbn)urn:nbn:sk:snk:ar-a0878j 
035 |a (uuid)cfe12efa-d64e-4ab6-a49a-e7582ea7a0e6 
035 |a urn:nbn:sk:snk-ab91kj 
040 |a SNKBUCL  |b slo  |c SNKBUCL  |e AACR2 
041 0 |a slo 
044 |a xo  |c SK 
100 1 |a Jablonský, Anton,  |d 1903-1970  |4 aut  |9 120469 
245 1 0 |a Pôda, poloha a voľba podpníka pre zákrsky  |c Anton Jablonský 
773 0 |t Slovenské ovocinárstvo : odborný časopis pre povznesenie ovocinárstva, vinohradníctva a záhradníctva : orgán Slovenskej ovocinárskej spoločnosti a jej odbočiek  |g Č. 394 (1940), s. 122-123 
954 |a odborná, vedecká literatúra pôvodná (slovenská)  |2 lita 
958 |a OND 
958 |a EUIPO 
958 |a article10 
999 |c 2010949  |d 2012879